000 00553nam a2200193Ia 4500
003 GCL
008 140319s9999 xx 000 0 ara d
040 _aGCL /
_cGCL
082 0 4 _a640
_bو ك
100 1 _aوفاء حمود
245 1 0 _aكيف تستعدين ليوم زفافك /
_cوفاء حمود
700 1 _aفاطمة المغربى
700 1 _aنهدية الزيباوى
300 _a110 ص
490 _aموسوعة عالم المراة
_v0
650 0 4 _aالمرأة
650 0 4 _aالمرأة - الزفاف
942 _2ddc
_cBK
999 _c46512
_d46512